000 03568 a2200409 4500
001 18007538
003 0000
005 20251016141552.0
008 140109s2014 flua b 001 0 eng
010 _a 2014000703
020 _a9781032383514
035 _a18007538
035 _a(DNLM)101623436
040 _aDNLM/DLC
_cDLC
_erda
_dDLC
042 _apcc
050 0 0 _aRB 150.
_bD5925 2014
060 1 0 _aWL 340
082 0 0 _a616.8/41
_223
100 _4Kanegaonkar, Rahul G
245 0 0 _aDizziness and vertigo :
_ban introduction and practical guide /
_cedited by Rahul Kanegaonkar, Consultant on Otolaryngology, Medway Maritime Hospital, Kent, UK, Honorary Senior Lecturer in Otorhinolaryngology, Anglia Ruskin University, Chelmsford, UK, James Tysome, Consultant in Otolaryngology and skull base surgery, Addenbrooke's Hospital, Cambridge, UK.
264 1 _aBoca Raton :
_bCRC Press, Taylor & Francis Group,
_c2014.
300 _axiii, 172 Pages
_bcol. ill. ;
_c25 cm.
336 _atext
_2rdacontent
337 _aunmediated
_2rdamedia
338 _avolume
_2rdacarrier
500 _aIncludes bibliographical references and index.
504 _aIncludes bibliographical references and index.
505 0 _aGeneral Introduction / James Tysome and Rahul Kanegaonkar -- Anatomy and physiology of the peripheral vestibular system / Rahul Kanegaonkar -- Clinical assessment of vertigo / Mudit Jindal and Aanand Acharya -- Imaging in dizziness and vertigo / Neshe Sriskandan and Steve Connor -- Special investigations used in the assessment of the dizzy patient / Presanna Premachandra -- Differential diagnosis / Rahul Kanegaonkar -- Benign paroxysmal positional vertigo / Nitesh Patel -- Acute peripheral vestibular loss / Ambrose Lee -- Vestibular migraine / Nitesh Patel -- Multilevel vestibulopathy / Mudit Jindal -- Cholesteatoma / Atilla Dezso -- Mňir̈e's disease / Neil Donnelly -- Superior semicircular canal dehiscence / James Rainsbury and Richard Irving -- Vestibular schwannoma / James Tysome -- Perilymph fistula / Richard Gurgel -- Central pathology causing dizziness / C. Eduardo Corrales -- Systemic conditions affecting balance / Stephen Broomfield -- Vestibular rehabilitation : principles and practice / Rachel Ritchie -- Psychological aspects of dizziness / Raj Attavar and Amalsha Vithanaarachichi.
520 _a"Vertigo and Dizziness: An Introduction and Practical Guide describes the basic knowledge and practical skills necessary for managing patients presenting with the common symptoms of dizziness and vertigo. It provides practitioners with a comprehensive overview of these conditions, steps for diagnosing patients, and various treatment options. Features: Discusses clinical assessment of the dizzy patient, diagnosis and management of the condition, surgical options, and psychological complications of vertigo and dizziness. Explores a host of conditions, including benign paroxysmal positional vertigo, Meniere's disease, hyperventilation syndrome, and superior semicircular canal dehiscence Includes case studies to supplement the text. The book is an essential reference for all those who manage patients in the outpatient and general practice setting"--Provided by publisher.
650 1 2 _aDizziness.
650 2 2 _aVertigo.
700 1 _aKanegaonkar, Rahul Govind,
_eeditor of compilation.
700 1 _aTysome, James Russell,
_eeditor of compilation.
906 _a7
_bcbc
_corignew
_d1
_eecip
_f20
_gy-gencatlg
942 _2lcc
_cBK
999 _c43842
_d43842